| 000 | 00701nam a22002297a 4500 | ||
|---|---|---|---|
| 005 | 20160121082946.0 | ||
| 008 | 111227s2011 nyu b 001 0 eng | ||
| 020 | _a9780071716727 (hardback : alk. paper) | ||
| 020 | _a0071716726 (hardback : alk. paper) | ||
| 041 | 0 | _aeng | |
| 080 | _a618.1 | ||
| 245 | 0 | 0 |
_aWilliams gynecology / _c[edited by] Barbara L. Hoffman ... [et al.]. |
| 246 | 1 | _aGynecology | |
| 250 | _a2nd ed. | ||
| 260 |
_aNew York : _bMcGraw-Hill Medical, _cc2012. |
||
| 300 |
_a1401 f.: _c29 cm |
||
| 505 | _aIndex: f. 1353 - 1401 | ||
| 650 | 1 | 2 | _aGjinekologji |
| 700 | 1 | _aHoffman, Barbara L. | |
| 700 | 1 |
_aWilliams, J. Whitridge _q(John Whitridge), _d1866-1931. |
|
| 942 |
_2udc _cBK |
||
| 999 |
_c592 _d592 |
||